000 00371nam a2200145Ia 4500
008 090124s9999 xx 000 0 und d
082 _b302527
245 _a भागिदार
250 _a1
260 _bबांदोडकर गो.पु.
_c1991
300 _a212
630 _a भागिदार
730 _a भागिदार
942 _cBOOK
999 _c192164
_d192164